000 00823nam a2200217Ii 4500
003 JO-AjNU
008 230605s9999||||xx |||||||||||||| ||und||
017 _a1990/2596
040 _aJO-AjNU
_bara
_erda
_cJO-AjNU
041 _aara
050 1 4 _aBP161.2.2932 1990
100 3 _aالسيوطي، جلال الدين عبد الرحمن بن ابي بكر ، تحقيق: عبد القادر ,
_eauthor
_910494
245 0 0 _aالوسائل الى معرفة الأوائل
250 _aط1
264 3 1 _aالكويت: مكتبة دار ابن قتيبة، 1990
300 _a251ص
_bيشتمل على الفهارس العامة(ص201-251)
336 _atext
_btxt
_2rdacontent
337 _aunmediated
_bn
_2rdamedia
338 _avolume
_bnc
_2rdacarrier
650 4 _aالحضارة الاسلامية- تاريخ
_910495
999 _aA1834
_c5402
_d5402